|
|
|
|
| LEADER |
01516nam a2200373 a 4500 |
| 001 |
38098 |
| 003 |
BD-DhAAL |
| 005 |
20220316145048.0 |
| 008 |
220316t2002 ph a i001 0 eng d |
| 999 |
|
|
|c 43802
|d 43802
|
| 010 |
|
|
|a 2003532779
|
| 020 |
|
|
|a 9715614493
|
| 035 |
|
|
|a (DLC) 2003532779
|
| 037 |
|
|
|b Library of Congress -- Jakarta Overseas Office
|c Exch
|
| 040 |
|
|
|a DLC
|c DLC
|d BD-DhAAL
|
| 042 |
|
|
|a lcode
|
| 043 |
|
|
|a a-bg---
|
| 050 |
0 |
0 |
|a HV41.9.B3
|b A36 2002
|
| 082 |
|
|
|a 361.7068095492
|2 23
|
| 100 |
1 |
|
|a Ahmad, Muzaffer.
|9 47091
|
| 245 |
1 |
0 |
|a Giving and fund raising in Bangladesh :
|b investing in ourserlves /
|c Muzaffer Ahmad, Roushan Jahan ; with support from Asian Development Bank ... [et al.].
|
| 246 |
3 |
0 |
|a Investing in ourselves
|
| 260 |
|
|
|a Mandaluyong City, Metro Manila, Philippines :
|b Asian Development Bank,
|c c2002.
|
| 300 |
|
|
|a xviii, 249 pages :
|b illustrations ;
|c 23 cm.
|
| 500 |
|
|
|a Includes index.
|
| 500 |
|
|
|a "Publication stock no. 040802"--T.p. verso.
|
| 541 |
|
|
|a Donated By Akbar Ali Khan
|e 38098
|
| 650 |
|
0 |
|a Fund raising
|z Bangladesh.
|9 47092
|
| 650 |
|
0 |
|a Nonprofit organizations
|z Bangladesh
|x Finance.
|9 47093
|
| 700 |
1 |
|
|a Jahan, Roushan.
|9 47094
|
| 710 |
2 |
|
|a Asian Development Bank.
|9 47095
|
| 852 |
|
|
|a Ayesha Abed Library
|c Akbar Ali Khan Collection
|
| 942 |
|
|
|2 ddc
|c BK
|
| 952 |
|
|
|0 0
|1 0
|2 ddc
|4 0
|6 361_706809549200000_AHM
|7 1
|9 70170
|a BRACUL
|b BRACUL
|c AAKC
|d 2022-03-16
|e Donated by Akbar Ali Khan
|l 0
|o 361.7068095492 AHM
|p 3010038098
|r 2022-03-16
|t 1
|w 2022-03-16
|y BK
|